LIBRARY & INFORMATION CENTRE, KCAET, TAVANUR

ONLINE PUBLIC ACCESS CATALOGUE (OPAC)

Fitting: Small tool marking lathe work and applied workshop technology / (Record no. 10456)

MARC details
000 -LEADER
fixed length control field 00467cam a2200169ua 4500
041 ## - LANGUAGE CODE
Language code of text/sound track or separate title eng
082 ## - DEWEY DECIMAL CLASSIFICATION NUMBER
Classification number 621.92
Item number LEE/FI
100 ## - MAIN ENTRY--AUTHOR NAME
Personal name Leeson, A E .
245 ## - TITLE STATEMENT
Title Fitting: Small tool marking lathe work and applied workshop technology /
250 ## - EDITION STATEMENT
Edition statement 1 /
260 ## - PUBLICATION, DISTRIBUTION, ETC. (IMPRINT)
Place of publication London :
Name of publisher Sir Isaac Pitman & Sons Ltd ,
Year of publication 1960.
300 ## - PHYSICAL DESCRIPTION
Number of Pages 128 ; .
700 1# - ADDED ENTRY--PERSONAL NAME
Personal name Sampson, P .
942 ## - ADDED ENTRY ELEMENTS (KOHA)
Koha item type Books
Holdings
Withdrawn status Lost status Damaged status Home library Current library Date acquired Full call number Accession Number Koha item type
      KAUAET KAUAET 07/04/2012 621.92 3713 Books
free website counter